Динамические смещения атомов и структурные превращения в поверхностном слое твердых тел; Перспективные материалы с иерархической структурой для новых технологий и надежных конструкций

Dades bibliogràfiques
Parent link:Перспективные материалы с иерархической структурой для новых технологий и надежных конструкций.— 2017.— [С. 84-85]
Autor principal: Хон Ю. А.
Autor corporatiu: Национальный исследовательский Томский политехнический университет (ТПУ) Физико-технический институт (ФТИ) Кафедра высшей математики и математической физики (ВММФ)
Altres autors: Каминский П. П., Молдованова Е. А. Евгения Александровна
Sumari:Заглавие с экрана
Idioma:rus
Publicat: 2017
Col·lecció:Неустойчивость и локализация деформации и разрушения в материалах с иерархической структурой
Matèries:
Accés en línia:http://www.ispms.ru/files/Conference/2017_m/sb_tez_2017.pdf#page=84
Format: MixedMaterials Electrònic Capítol de llibre
KOHA link:https://koha.lib.tpu.ru/cgi-bin/koha/opac-detail.pl?biblionumber=656937

MARC

LEADER 00000nla2a2200000 4500
001 656937
005 20240109135713.0
035 |a (RuTPU)RU\TPU\network\23417 
035 |a RU\TPU\network\23415 
090 |a 656937 
100 |a 20171221d2017 k y0rusy50 ca 
101 0 |a rus 
102 |a RU 
105 |a a z 101zy 
135 |a drgn ---uucaa 
181 0 |a i  
182 0 |a b 
200 1 |a Динамические смещения атомов и структурные превращения в поверхностном слое твердых тел  |f Ю. А. Хон, П. П. Каминский, Е. А. Молдованова 
203 |a Текст  |c электронный 
225 1 |a Неустойчивость и локализация деформации и разрушения в материалах с иерархической структурой 
300 |a Заглавие с экрана 
320 |a [Библиогр.: с. 85 (5 назв.)] 
463 1 |0 (RuTPU)RU\TPU\network\23304  |t Перспективные материалы с иерархической структурой для новых технологий и надежных конструкций  |o тезисы докладов Международной конференции, 9-13 октября 2017 г., Томск  |f Российская академия наук (РАН), Сибирское отделение (СО), Институт физики прочности и материаловедения (ИФПМ)  |v [С. 84-85]  |d 2017 
610 1 |a электронный ресурс 
610 1 |a труды учёных ТПУ 
610 1 |a смещения 
610 1 |a атомы 
610 1 |a структурные превращения 
610 1 |a поверхностные слои 
610 1 |a твердые тела 
610 1 |a упругие деформации 
610 1 |a микротрещины 
610 1 |a массоперенос 
700 1 |a Хон  |b Ю. А. 
701 1 |a Каминский  |b П. П. 
701 1 |a Молдованова  |b Е. А.  |c математик  |c старший преподаватель Томского политехнического университета  |f 1968-  |g Евгения Александровна  |3 (RuTPU)RU\TPU\pers\29439  |9 13992 
712 0 2 |a Национальный исследовательский Томский политехнический университет (ТПУ)  |b Физико-технический институт (ФТИ)  |b Кафедра высшей математики и математической физики (ВММФ)  |3 (RuTPU)RU\TPU\col\18727 
801 1 |a RU  |b 63413507  |c 20101016 
801 2 |a RU  |b 63413507  |c 20171221  |g RCR 
856 4 |u http://www.ispms.ru/files/Conference/2017_m/sb_tez_2017.pdf#page=84 
942 |c CF